00386nam a2200157 a 450000100060000000300090000600800410001502000150005604000280007108200090009910000150010824500250012326000470014830000100019565000230020518519CO-ViMGA141112s2004 ck r 000 u spa d a8489970866 aCO-ViMGAbspacCO-ViMGA04aDALv1 aDaly, Niki10aEl vestido de Jamela aBarcelona (España), cIntermón, c1999 a26.p.14aCUENTOS INFANTILES